000 00726nam a2200289Ia 4500
005 20260324142123.0
008 008 260324s9999 xx 000 0 eng d
020 _a9781315800752
037 _aEBOOK
040 _aCRL
040 _beng
040 _cCRL
041 _2eng
041 _aeng
084 _qCRL
100 _aDon W. Nance
_91210756
245 0 _aHow Therapists Act
245 0 _bCombining Major Approaches To Psychotherapy And The Adaptive Counselling And Therapy Model
260 _bTaylor and Francis
260 _c1995
365 _a
365 _b220
856 _uhttp://www.taylorfrancis.com/books/9781315800752
942 _cEBOOK
999 _c1814591
_d1814591